000 01251nam a2200337 i 4500
001 13224
003 KOSZ 005
005 20211117083024.0
008 970707s1971 pl a g f 000 0 pol
040 _aKOSZ 005/RW
_cKOSZ 005/RW
080 _a51
080 _a(07)
100 1 _aLeitner, Roman
_d(1914-2008).
_eAutor
245 1 0 _aMatematyka :
_bkurs przygotowawczy na wyższe uczelnie techniczne.
_nCz. 3,
_pPlanimetria, trygonometria /
_cRoman Leitner, Wojciech Żakowski.
246 3 0 _aPlanimetria, trygonometria
250 _aWyd. 6 zm.
260 _aWarszawa :
_bWydawnictwa Naukowo-Techniczne,
_c1971.
300 _a259, [1] stron :
_bilustracje ;
_c24 cm.
336 _aTekst
_btxt
_2rdacontent
337 _aBez urządzenia pośredniczącego
_bn
_2rdamedia
338 _aWolumin
_bnc
_2rdacarrier
380 _aKsiążki
650 4 _aMatematyka
_xszkoły średnie.
655 4 _aPodręcznik
650 4 _aTrygonometria
650 4 _aPlanimetria
710 2 _aWydawnictwa Naukowo-Techniczne
_4pbl.
700 1 _aŻakowski, Wojciech
_d(1929-1993)
_eAutor
856 _uhttp://koha.tu.koszalin.pl/cgi-bin/koha/opac-detail.pl?biblionumber=13224
_yKatalog online BPK
942 _cKS
_2UKD
999 _c13224
_d13224